000
00318nam a22001217a 4500
040
_c
HS
082
_a
510
100
_a
អ៊ុន ប៊ុនលាង
245
_a
គណិតវិទ្យា (mathematical analysis )
260
_a
RUA
_b
អ៊ុន ប៊ុនលាង
_c
2001
300
_a
589p.
942
_c
KB
999
_c
8601
_d
8601